| 000 | 00729nas a2200229 4500 | ||
|---|---|---|---|
| 001 | BR9606548 | ||
| 003 | BR-BrBNA | ||
| 005 | 20231205095356.0 | ||
| 007 | ta | ||
| 008 | 230509b bl.|||p| |||| 00| 00por d | ||
| 040 |
_aBR-BrBNA _bpor _cBiblioteca Nacional de Agricultura |
||
| 041 | _a(En) | ||
| 072 | _aP34 | ||
| 100 | 1 | _aMarenco, R.A. | |
| 100 | 1 | _aLopes, N.F. | |
| 245 | 1 | _aLeaf chlorophyll concetration and nitrogen content in soybean plants treated with herbicides | |
| 650 | _aSoja | ||
| 650 | _aFixacao de Nitrogenio | ||
| 773 | 0 |
_tRevista Brasileira de Fisiologia Vegetal (Brazil) _xISSN 0103-3131 _g(Jan-Jun 1994), v. 6(1) p. 7-13 _wBR9606548 |
|
| 909 |
_a202311 _bLúcia _c55 _dLúcia Elande |
||
| 942 |
_2AGRIS _n0 _cANA |
||
| 999 |
_c150312 _d150312 |
||